Buffy the Vampire Slayer Characters Quiz Stats

 Plays Quiz Updated Oct 23, 2019

Support Sporcle.
Go Orange.
Score 0/16 Timer 04:00
1 Play Today
Actor/Actress Name % Correct
Sarah Michelle GellarBuffy Anne Summers
99.9%
David BoreanazAngel
96.9%
Alyson HanniganWillow Rosenberg
95.1%
James MarstersWilliam 'the Bloody'
94.5%
Nicholas Brendon Alexander 'Xander' Harris
91.5%
Anthony HeadRupert Giles
91%
Eliza DushkuFaith Lehane
81.1%
Charisma CarpenterCordelia Chase
78.7%
Actor/Actress Name % Correct
Michelle TrachtenbergDawn Summers
78.4%
Seth GreenDaniel 'Oz' Osbourne
76.9%
Emma CaulfieldAnya Christina Emanuella Jenkins
73.5%
Marc Blucas Riley Finn
64.5%
Kristine SutherlandJoyce Summers
61.6%
Amber BensonTara Maclay
60.2%
Alexis DenisofWesley Wyndam-Price
59.7%
Juliet LandauDrusilla
54%

From the Vault

Divisible by 7?

by RobPro

Science 2m
If a number is divisible by 7 does that make it luckier?
Remove Ads.
Support Sporcle.
Get the best of Sporcle when you Go Orange. This ad-free experience offers more features, more stats, and more fun while also helping to support Sporcle. Thank you for becoming a member.

Show Comments

Extras

Top Quizzes Today


Score Distribution

Your Account Isn't Verified!

In order to create a playlist on Sporcle, you need to verify the email address you used during registration. Go to your Sporcle Settings to finish the process.

Report this User

Report this user for behavior that violates our Community Guidelines.

Details: